El cuidado de la propiedad social : una experiencia en el campamento internacional 26 de julio (Record no. 65337)

MARC details
000 -CABECERA
campo de control de longitud fija 00582nam a2200205 a 4500
005 - FECHA Y HORA DE LA ÚLTIMA TRANSACCIÓN
campo de control 20210219152958.0
008 - ELEMENTOS DE LONGITUD FIJA--INFORMACIÓN GENERAL
campo de control de longitud fija 991125n 000 0 spa u
035 ## - NÚMERO DE CONTROL DEL SISTEMA
Número de control de sistema UPN01000070370
100 ## - ASIENTO PRINCIPAL--NOMBRE PERSONAL
Nombre de persona SOTO, Francisco
222 ## - TÍTULO CLAVE
Título clave EDUCACION
245 ## - MENCIÓN DE TÍTULO
Título El cuidado de la propiedad social : una experiencia en el campamento internacional 26 de julio
260 ## - PUBLICACIÓN, DISTRIBUCIÓN, ETC.
Lugar de publicación, distribución, etc. Cuba
300 ## - DESCRIPCIÓN FÍSICA
Extensión 68-74
362 ## - FECHAS DE PUBLICACIÓN Y/O DESIGNACIÓN SECUENCIAL
Fecha de publicación y/o designación secuencial 1980 Año 10, no. 37, abr.-jun.
653 0# - TERMINO DE INDIZACION - NO CONTROLADO
Término no controlado BIBLIOTECAS
653 0# - TERMINO DE INDIZACION - NO CONTROLADO
Término no controlado INSTALACIONES EDUCATIVAS
653 0# - TERMINO DE INDIZACION - NO CONTROLADO
Término no controlado PROPIEDAD SOCIAL
904 ## - ELEMENTOS DE DATOS D LOCAL, LDD (RLIN)
a AC
b 008181
905 ## - TIPO DE MATERIAL
Tipo de material Articulo

No items available.